1889 1802 1299 1408 1031 1846 1092 1301 1302 1827 1305 1665 1044 1855 1606 1543 1838 1350 1151 1309 1207 1384 1209 1819 1477 1991 1615 1853 1040 1400 1728 1140 1288 1702 1250 1622 1166 1759 1692 1887 1222 1951 1533 1497 1511 1221 1841 1804 1853 1569 1517 1562 1197 1057 1898 1057 1822 1958 1811 1929 1351 1560 1511 1321 1869 1468 1080 1068 1350 1165 1070 1367 1230 1246 1779 1362 1325 1322 1285 1201 1533 1540 1700 1890 1734 1296 1277 1696 1988 1548 1118 1896 1832 1280 1861 1272 1152 1005 1420 BCNSPRNW ULIB Ver.6.0+V

เปลี่ยนเป็นภาษาไทย

Change to English
 แสดงรายละเอียดบรรณานุกรม
  กลับหน้าหลัก

Brief Record : Get Marc (ISO 2709) : E-mail record : QR code < ปิดหน้าต่าง
LEADER : 00000nam 2200000uu 4500
001    13399112048
003     ULIB
008    110627s2546||||th 000 0 tha d
099    วจ.WY18^bพ956ค
100 0  แพรวพรรณ แสงทองรุ่งเจริญ
245 00 ความพร้อมในการเรียนรู้ด้วยตนเองของนักศึกษาพยาบาล วิทยาลัยพยาบาล บรมราชชนนี สวรรค์ประชารักษ์/^cแพรวพรรณ แสงทองรุ่งเจริญ
260    นครสวรรค์ :^bวิทยาลัยพยาบาลบรมราชชนนี สวรรค์ประชารักษ์,^c2546
300    101 หน้า
650  7 พยาบาล^xการศึกษา^xวิจัย
650  7 วิทยาลัยพยาบาลบรมราชชนนี สวรรค์ประชารักษ์
945    ^p0^l0^i015239
995    ทศพร
999 ^a ใช้งานได้ทุกระบบ
รายการนี้ยังไม่มีแท็ก
คุณยังไม่ได้ล็อกอิน คุณสามารถมีกิจกรรมร่วมกับเว็บไซต์ได้ แต่ต้องล็อกอินก่อน ::
  ล็อกอิน

รายการสื่อสารสนเทศ

ลำดับที่ ประเภท เลขเรียก/บาร์โค้ด สถานที่ สถานะ
- ไม่พบข้อมูล -

รายการใกล้เคียง
    หัวเรื่อง [วิทยาลัยพยาบาลบรมราชชนนี สวรรค์ประชารักษ์]

BibComment


ยังไม่เคยถูกคอมเมนท์

คอมเมนท์ทรัพยากรรายการนี้
  คอมเมนท์: ความพร้อมในการเรี..


 Copyright 2026. Bcnsprnw @Library